000 00682nam a2200289Ia 4500
005 20260324133404.0
008 008 260324s9999 xx 000 0 eng d
020 _a9781315376189
037 _aEBOOK
040 _aCRL
040 _beng
040 _cCRL
041 _2eng
041 _aeng
084 _qCRL
100 _aAlan Gillies
_91144218
245 0 _aWhat Makes a Good Healthcare System?
245 0 _bComparisons, Values, Drivers
260 _bTaylor and Francis
260 _c2003
365 _a
365 _b355
856 _uhttp://www.taylorfrancis.com/books/9781315376189
942 _cEBOOK
999 _c1791893
_d1791893